000 00654nam a2200205Ia 4500
003 GCL
008 140319s9999 xx 000 0 ara d
040 _aGCL /
_cGCL
082 0 4 _a301.427
_bا ن
100 1 _aاحمد محمد
245 1 0 _aنحو قانون موحد للاسرة فى الاقطار الاسلامية /
_cاحمد محمد
700 1 _aاحمد محمد احمد
260 _a[S.N] :
_bمكتبة الملك فيصل الاسلامية ،
_c1990
300 _a479 ص
490 _a
650 0 4 _aالاسرة
650 0 4 _aالاسلام والمجتمع
650 0 4 _aالشريعة الاسلامية
942 _2ddc
_cBK
999 _c34452
_d34452